000 00594nam a2200193 a 4500
001 000011308
005 20240412074225.0
008 091016s1994 dr 000 p spa d
040 _aDO-SdBNP
_bspa
_cBNPHU
082 _aRD861.44
_bT266be
100 1 _aTejeda Read, Ramón
_926904
245 1 0 _aBebernos la última luz /
_cRamón Tejeda Read.
260 _aSanto Domingo :
_bCentro editorial,
_c1994.
300 _a68 p. ;
_c21 cm.
590 _aInventariado, 2019/LP
650 0 _aPoesía dominicana
_966
650 0 _aLiteratura dominicana.
_967
910 _aValidado. Control de calidad MFF
999 _c11015
_d11015